• 首页
  • 本馆介绍
  • 公告通知
  • 最新文献
  • 馆藏检索
  • 电子资源
  • 读者导购
  • 参考咨询
  • 我的图书馆
  • 登录
  • 详细信息显示
  • 放入我的书架
  • 预约/预借图书
  • 作者相关作品
  • 分类相关作品
  • 丛书相关作品
  • 出版社相关作品

书目信息

  • 表格格式
  • 工作单格式
  • 卡片格式
题名:
20世纪中国新闻学与传播学新闻史卷
    
 
作者: 徐培汀
分册:  
出版信息: 上海   复旦大学出版社  37165
页数: 465页
开本: 23cm
丛书名:
单 册:
中图分类: G210.9
科图分类:
主题词: 新闻学 , 新闻工作
电子资源:
ISBN: 7-309-02871-6
000 00583nam0 2200193 450
001 0728815141
005 20070819080015.14
010    @a7-309-02871-6@d¥58.00
100    @a20070819d km y0chiy0120 ea
101 0  @achi
200 1  @a20世纪中国新闻学与传播学新闻史卷@A20 shi ji zhong guo xin wen xue yu chuan bo xue xin wen shi juan@f徐培汀@Fxu pei ting
210    @a上海@c复旦大学出版社@d37165
215    @a465页@d23cm
606 0  @a新闻学
606 0  @a新闻工作
690    @aG210.9@v3
701  0 @a徐培汀@Axu pei ting
801  0 @aCN@bPFT@c20070819
905    @a213230@dG210.9@eZW58@f1
    
    20世纪中国新闻学与传播学新闻史卷/徐培汀.-上海:复旦大学出版社,37165
    465页;23cm
    
    
    ISBN 7-309-02871-6:¥58.00
    
●
相关链接 在E读中查询图书 在五车中查询图书 在当当中查询图书 在豆瓣中查询图书


正题名:20世纪中国新闻学与传播学新闻史卷     索取号:G210.9/ZW58         预约/预借

序号 登录号 条形码 馆藏地/架位号 状态 备注
1 7612511   276125113   密集书库-文学院/ [索取号:G210.9/ZW58] 在馆    
唐山师范学院图书馆 欢迎您!
大连网信软件有限公司© 版权所有